Efficient video server /
Saved in:
| Main Author: | |
|---|---|
| Format: | Thesis Book |
| Language: | English |
| Published: |
1996.
|
| Subjects: | |
| Tags: |
Add Tag
No Tags, Be the first to tag this record!
|
| LEADER | 00714cam a2200229 a 4500 | ||
|---|---|---|---|
| 001 | u414937 | ||
| 003 | SIRSI | ||
| 008 | 970819s1996 si v 00 1 eng m | ||
| 035 | |a ACD-7212 | ||
| 040 | |a UMM | ||
| 090 | |a TK6687 |b Li | ||
| 100 | 1 | 0 | |a Li, Jiandong. |
| 245 | 1 | 0 | |a Efficient video server / |c by Li Jiandong. |
| 260 | |c 1996. | ||
| 300 | |a ix, 306 leaves : |b ill. ; |c 31 cm. | ||
| 502 | |a Dissertation (M.Comp.Sc.) -- National University of Singapore, 1996. | ||
| 504 | |a Bibliography: leaf 306. | ||
| 650 | 0 | |a Interactive video. | |
| 650 | 0 | |a Multimedia systems. | |
| 948 | |a 19/08/1997 |b 25/11/2000 | ||
| 596 | |a 1 | ||
| 999 | |a TK6687 LI |w LC |c 1 |i A506949324 |d 6/10/2008 |e 6/10/2008 |l STACKS |m P01UTAMA |n 2 |r Y |s Y |t TESIS |u 23/10/1997 | ||
